Normal view
MARC view
Entry Personal Name
001 - CONTROL NUMBER
- control field: 34681
003 - CONTROL NUMBER IDENTIFIER
- control field: OSt
005 - DATE AND TIME OF LATEST TRANSACTION
- control field: 20220507102526.0
008 - FIXED-LENGTH DATA ELEMENTS
- fixed length control field: 220507|| aca||aabn | a|a d
040 ## - CATALOGING SOURCE
- Original cataloging agency: OSt
- Transcribing agency: OSt
100 ## - HEADING--PERSONAL NAME
- Personal name: BALASURI (H K)
670 ## - SOURCE DATA FOUND
- Source citation: Work cat.: (OSt): H K Balasuri ಎಚ್. ಕೆ. ಬಾಲಸೂರಿ 34678, Rakshavahini:Bharatiya senapadegala parichaya ರಕ್ಷವಾಹಿನಿ :ಭಾರತೀಯ ಸೇನಾಪಡೆಗಳ ಪರಿಚಯ , 2000